Занятия лечебной физической культурой с освобожденными от физического воспитания студентами; Журнал Российской ассоциации спортивной медицины и реабилитации больных и инвалидов; Вып. 4 (27). Специальный выпуск

Dades bibliogràfiques
Parent link:Журнал Российской ассоциации спортивной медицины и реабилитации больных и инвалидов.— , 2002-
Вып. 4 (27). Специальный выпуск.— 2008.— С. 91-92
Altres autors: Капилевич Л. В. Леонид Владимирович, Давлетьярова К. В. Ксения Валентиновна, Солтанова В. Л. Виктория Леонидовна, Андреев В. И. Владимир Игоревич
Sumari:В фонде НТБ ТПУ отсутствует
Idioma:rus
Publicat: 2008
Matèries:
Format: MixedMaterials Capítol de llibre
KOHA link:https://koha.lib.tpu.ru/cgi-bin/koha/opac-detail.pl?biblionumber=597943

MARC

LEADER 00000naa0a2200000 4500
001 597943
005 20250217145513.0
035 |a (RuTPU)RU\TPU\tpu\21411 
090 |a 597943 
100 |a 20120604d2008 k||y0rusy50 ca 
101 0 |a rus 
102 |a RU 
200 1 |a Занятия лечебной физической культурой с освобожденными от физического воспитания студентами  |f Л. В. Капилевич [и др.] 
333 |a В фонде НТБ ТПУ отсутствует 
461 |t Журнал Российской ассоциации спортивной медицины и реабилитации больных и инвалидов  |d 2002- 
463 |t Вып. 4 (27). Специальный выпуск  |o материалы III Международной научной конференции по вопросам состояния и перспективам развития медицины в спорте высших достижений "СпортМед-2008"  |v С. 91-92  |d 2008 
610 1 |a труды учёных ТПУ 
701 1 |a Капилевич  |b Л. В.  |c специалист в области физической культуры и спорта  |c профессор Томского политехнического университета, доктор медицинских наук  |f 1963-  |g Леонид Владимирович  |3 (RuTPU)RU\TPU\pers\24823  |4 070  |9 11028 
701 1 |a Давлетьярова  |b К. В.  |c специалист в области физической культуры и спорта  |c профессор Томского политехнического университета, доктор медицинских наук  |f 1982-  |g Ксения Валентиновна  |3 (RuTPU)RU\TPU\pers\29535  |4 070  |9 14071 
701 1 |a Солтанова  |b В. Л.  |c специалист в области физической культуры и спорта  |c старший преподаватель Томского политехнического университета  |g Виктория Леонидовна  |3 (RuTPU)RU\TPU\pers\29536  |4 070 
701 1 |a Андреев  |b В. И.  |c специалист в области физической культуры и спорта  |c профессор Томского политехнического университета, доктор педагогических наук  |f 1954-  |g Владимир Игоревич  |3 (RuTPU)RU\TPU\pers\24802  |4 070  |9 11017 
801 1 |a RU  |b 63413507  |c 20120604 
942 |c CR